| 000 | 00470nam a2200181Ia 4500 | ||
|---|---|---|---|
| 003 | IIN | ||
| 005 | 20240129120019.0 | ||
| 008 | 231217s9999 xx 000 0 und d | ||
| 020 |
_cRs.450.00 _a9789350902035 |
||
| 040 |
_aIIN _bEnglish |
||
| 082 |
_a150.2461073 _bKON |
||
| 100 | 1 | _aKonnur, Rajesh G. | |
| 245 | 1 |
_aPsychology: _bfor Graduate Nurses _cRajesh G. Konnur |
|
| 260 |
_bJaypee _aNew Delhi _c2013 |
||
| 300 | _axiv, 243 p. | ||
| 650 | 1 | _aPsychology | |
| 942 | _cBOOK | ||
| 999 |
_c730 _d730 |
||